<?xml version="1.0" encoding="UTF-8"?>
<collection xmlns="http://www.loc.gov/MARC21/slim">
    <record>
        <controlfield tag="001">69713</controlfield>
        <controlfield tag="005">20190709135611.0</controlfield>
        <datafield tag="024" ind1="8" ind2=" ">
            <subfield code="2">sideral</subfield>
            <subfield code="a">104734</subfield>
        </datafield>
        <datafield tag="037" ind1=" " ind2=" ">
            <subfield code="a">ART-2017-104734</subfield>
        </datafield>
        <datafield tag="041" ind1=" " ind2=" ">
            <subfield code="a">spa</subfield>
        </datafield>
        <datafield tag="100" ind1=" " ind2=" ">
            <subfield code="a">García Gil, A.</subfield>
        </datafield>
        <datafield tag="245" ind1=" " ind2=" ">
            <subfield code="a">La modelización tridimensional del flujo del agua subterránea y transporte de calor en la gestión de recursos geotérmicos someros en zonas urbanas</subfield>
        </datafield>
        <datafield tag="260" ind1=" " ind2=" ">
            <subfield code="c">2017</subfield>
        </datafield>
        <datafield tag="506" ind1="0" ind2=" ">
            <subfield code="a">Access copy available to the general public</subfield>
            <subfield code="f">Unrestricted</subfield>
        </datafield>
        <datafield tag="520" ind1="3" ind2=" ">
            <subfield code="a">La planificación del uso geotérmico del agua subterránea en acuíferos someros urbanos requiere un modelo numérico capaz de reproducir los efectos de la explotación actual y ser capaz de predecir los impactos derivados de dicha actividad. En este trabajo se presenta el desarrollo preliminar de un modelo numérico que puede contribuir a mejorar la gestión de los recursos geotérmicos someros en la ciudad de Zaragoza. El modelo numérico permite implementar toda la información hidrogeológica y térmica recopilada, explicar esta información de forma coherente reproduciendo la física de fluidos y termodinámica en medios poroso s y predecir a medio y largo plazo los impactos producidos. Finalmente se muestran las posibilidades y ventajas derivadas del uso del modelo numérico en la gestión de permisos de concesión de derechos de explotación para nuevos aprovechamientos.   

The management of the thermal use of groundwater in shallow urban aquifers requires a numerical model capable of reproducing the impacts of actual exploitations and of predicting further impacts in the future. In this work, the numerical model developed for the management of shallow geothermal resources in the city of Zaragoza (Spain) is presented. The model allows to explain the data coherent with the fluid physics and the heat transport in porous media and also provide predictions for the thermal impacts at mid- and long-term. Finally, the possibilities and advantages derived from the use of the numerical modelling for the concession process of new exploitation licenses are described.</subfield>
        </datafield>
        <datafield tag="536" ind1=" " ind2=" ">
            <subfield code="9">info:eu-repo/grantAgreement/ES/UZ/UZ2014-CIE-04</subfield>
        </datafield>
        <datafield tag="540" ind1=" " ind2=" ">
            <subfield code="9">info:eu-repo/semantics/openAccess</subfield>
            <subfield code="a">by</subfield>
            <subfield code="u">http://creativecommons.org/licenses/by/3.0/es/</subfield>
        </datafield>
        <datafield tag="592" ind1=" " ind2=" ">
            <subfield code="a">0.0</subfield>
            <subfield code="b">2017</subfield>
        </datafield>
        <datafield tag="593" ind1=" " ind2=" ">
            <subfield code="a">Geology</subfield>
            <subfield code="c">2017</subfield>
        </datafield>
        <datafield tag="655" ind1=" " ind2="4">
            <subfield code="a">info:eu-repo/semantics/article</subfield>
            <subfield code="v">info:eu-repo/semantics/publishedVersion</subfield>
        </datafield>
        <datafield tag="700" ind1=" " ind2=" ">
            <subfield code="a">Garrido Schneider, E.</subfield>
        </datafield>
        <datafield tag="700" ind1=" " ind2=" ">
            <subfield code="0">(orcid)0000-0001-8286-4088</subfield>
            <subfield code="a">Sánchez Navarro, J.Á.</subfield>
            <subfield code="u">Universidad de Zaragoza</subfield>
        </datafield>
        <datafield tag="700" ind1=" " ind2=" ">
            <subfield code="a">Vazquez-Suñé, E.</subfield>
        </datafield>
        <datafield tag="700" ind1=" " ind2=" ">
            <subfield code="0">(orcid)0000-0002-8235-9580</subfield>
            <subfield code="a">Mateo Lázaro, J.</subfield>
            <subfield code="u">Universidad de Zaragoza</subfield>
        </datafield>
        <datafield tag="710" ind1="2" ind2=" ">
            <subfield code="1">2000</subfield>
            <subfield code="2">427</subfield>
            <subfield code="a">Universidad de Zaragoza</subfield>
            <subfield code="b">Dpto. Ciencias de la Tierra</subfield>
            <subfield code="c">Área Geodinámica Externa</subfield>
        </datafield>
        <datafield tag="773" ind1=" " ind2=" ">
            <subfield code="g">61 (2017), 59-62</subfield>
            <subfield code="p">Geogaceta</subfield>
            <subfield code="t">Geogaceta</subfield>
            <subfield code="x">0213-683X</subfield>
        </datafield>
        <datafield tag="856" ind1="4" ind2="1">
            <subfield code="u">http://www.sociedadgeologica.es/archivos/geogacetas/geo61/geo61_15p59_62.pdf</subfield>
            <subfield code="z">Texto completo de la revista</subfield>
        </datafield>
        <datafield tag="856" ind1="4" ind2=" ">
            <subfield code="s">559192</subfield>
            <subfield code="u">http://zaguan.unizar.es/record/69713/files/texto_completo.pdf</subfield>
            <subfield code="y">Versión publicada</subfield>
        </datafield>
        <datafield tag="856" ind1="4" ind2=" ">
            <subfield code="s">46918</subfield>
            <subfield code="u">http://zaguan.unizar.es/record/69713/files/texto_completo.jpg?subformat=icon</subfield>
            <subfield code="x">icon</subfield>
            <subfield code="y">Versión publicada</subfield>
        </datafield>
        <datafield tag="909" ind1="C" ind2="O">
            <subfield code="o">oai:zaguan.unizar.es:69713</subfield>
            <subfield code="p">articulos</subfield>
            <subfield code="p">driver</subfield>
        </datafield>
        <datafield tag="951" ind1=" " ind2=" ">
            <subfield code="a">2019-07-09-12:22:42</subfield>
        </datafield>
        <datafield tag="980" ind1=" " ind2=" ">
            <subfield code="a">ARTICLE</subfield>
        </datafield>
    </record>

    
</collection>